00802nam a2200253 a 4500001001300000003000900013005001700022008004100039020002300080082001900103100002100122245004300143260004100186300000900227500003500236505004400271650002400315650002400339700002100363902000800384942000700392952013200399999001700531nice12345678IN_TiNIC20260116013925.0050524s1996 newa grp 000 0 eng  a8170362 c49500a305.40954bUBE aUberoi, Patricia aSocial Reform, Sexuality and the State aNew Delhi bSage Publications c1996 a404p aincludes index and biblioraphy2 aNotes, Bibliography, Index and Glossary aWomen-India-History aIndia-Social Policy1 aUberoi, Patricia bSRS cBK 001040708StackRoom-aHMIbHMId2007-03-23g495.00l1o305.40954 UBEp017460r2022-11-18s2022-11-16v495.00w2005-05-24yBK c13128d13128